| 000 | 01971nam a2200229 a 4500 | ||
|---|---|---|---|
| 001 | 60958 | ||
| 003 | BD-RjUL | ||
| 005 | 20211209080915.0 | ||
| 008 | 170104s1999 bg ||||| |||| 00| 0 ben d | ||
| 035 | _a(BD-RjUL)61082 | ||
| 040 |
_aBD-RjUL _bben _cBD-RjUL _dBD-RjUL |
||
| 041 | _aben | ||
| 082 |
_223 _a344.032095492 _bSOM 1999 |
||
| 245 | 0 | 0 |
_aসমাজকল্যাণ মন্ত্রণালয় ও উহার অধিনস্থ সমাজসেবা অধিদপ্তরের প্রতিষ্ঠান, স্বেচ্ছাসেবী প্রতিষ্ঠান, নিয়োগবিধি সংক্রান্ত আইন, বিধি, জাতীয় সমাজকল্যাণ পরিষদ গঠন, অনুদানবন্টন সংক্রান্ত নীতিমালা, আল নাহিয়ান ট্রাষ্ট এবং জাতীয় প্রতিবন্ধী উন্নয়ন ফাউন্ডেশন সংক্রান্ত গুরুত্বপূর্ণ বিধি ও পরিপত্র ইত্যাদি / _cগণপ্রজাতন্ত্রী বাংলাদেশ সরকার, সমাজ কল্যাণ মন্ত্রণালয় |
| 260 |
_aগণপ্রজাতন্ত্রী বাংলাদেশ সরকার : _bসমাজ কল্যাণ মন্ত্রণালয়, _c১৯৯৯ |
||
| 300 |
_aখন্ড. ; _c২৩ সেমি. |
||
| 505 | _aখন্ড. ১. -- | ||
| 650 |
_aসমাজকল্যাণ সমস্যা এবং পরিচর্যা _zবাংলাদেশ _9181777 |
||
| 650 |
_aSocial Welfare Problems and Services _zBangladesh _9181778 |
||
| 710 |
_aগণপ্রজাতন্ত্রী বাংলাদেশ সরকার, সমাজ কল্যাণ মন্ত্রণালয় _9181779 |
||
| 942 |
_2ddc _cBK |
||
| 999 |
_c60958 _d60958 |
||